Music Quiz

Random Music or Song Quiz

Doo Wop Artists Quiz Stats

 Plays Quiz not verified by Sporcle

Challenge
Share
Tweet
Embed
Score 0/21 Timer 05:00
0 Plays Today
Song Artist % Correct
The Great PretenderThe Platters
82.8%
Why Do Falls Fall in LoveThe Teenagers
79.3%
A Teenager in LoveThe Belmonts
78.7%
Earth Angel (Will You Be Mine)The Penguins
78.1%
Get a JobThe Silhouettes
75.7%
Come Go with MeThe Del-Vikings
69.8%
The Lion Sleeps Tonight (Wimoweh)The Tokens
67.9%
Sixteen CandlesThe Crests
62.7%
Duke of EarlGene Chandler
60.9%
In the Still of the NightThe Five Satins
59.2%
Little StarThe Elegants
54.4%
Song Artist % Correct
SincerelyThe Moonglows
52.7%
SpeedooThe Cadillacs
48.5%
Goodnight Sweetheart, GoodniteThe Spaniels
43.8%
Remember ThenThe Earls
43.2%
There's A Moon Out TonightThe Capris
40.8%
Daddy's HomeShep & The Limelites
40.8%
When You DanceThe Turbans
39.6%
HushabyeThe Mystics
39.1%
Love Potion No. 9The Clovers
36.1%
Chop Chop BoomThe Danderliers
7.7%

You're not logged in!

Compare scores with friends on all Sporcle quizzes.
Join for Free
OR
Log In

You Might Also Like...

Show Comments

Extras

Top Quizzes Today


Score Distribution

Your Account Isn't Verified!

In order to create a playlist on Sporcle, you need to verify the email address you used during registration. Go to your Sporcle Settings to finish the process.

Report this User

Report this user for behavior that violates our Community Guidelines.

Details: